000 02031nam a2200349 i 4500
001 159645
003 ES-MaACL
005 20250815150255.0
008 940202m18881896sp |||| | spa d
100 1 _aMilá y Fontanals, Manuel.
_981077
245 1 0 _aObras completas /
_cde Manuel Milá y Fontanals ; coleccionadas por D. Marcelino Menéndez y Pelayo.
260 _aBarcelona :
_bLibrería de Álvaro Verdaguer,
_c1888-1896 (
_fImp. Barcelonesa)
300 _a8 v. ;
_c22 cm.
505 8 _aContiene: I. Tratados doctrinales de literatura - II. De los trovadores en España: estudio de poesía y lengua provenzal - III. Estudios sobre historia, lengua y literatura de Cataluña - IV.-VI. Opúsculos literarios - VII. De la poesía heroico-popular castellana - VIII. Romancerillo catalán
530 _aDisponibles en formato digital los v. 1 al 6.
650 4 _aLiteratura-
_xFilosofía.
_914488
650 7 _aEstética literaria
_2embne
_912544
650 4 _aPoesía provenzal-
_xHistoria y crítica.
_9142887
650 4 _aTrovadores-
_xHistoria.
_9136959
650 0 4 _aLengua catalana.
_914096
650 4 _aLiteratura catalana-
_xHistoria y crítica.
_914515
650 _aLiteratura-
_xHistoria y crítica.
_914489
700 1 _aMenéndez y Pelayo, Marcelino,
_d1856-1912
_980332
852 _aES-MaACL
_jB-1306-13
_z- Enc. pasta española
856 _uhttp://bdh-rd.bne.es/viewer.vm?id=0000057221&page=1
_zBiblioteca Digital Hispánica
_z(v. 1)
856 _uhttp://bdh-rd.bne.es/viewer.vm?id=0000057236&page=1
_zBiblioteca Digital Hispánica
_z(v. 2)
856 _uhttp://bdh-rd.bne.es/viewer.vm?id=0000057228&page=1
_zBiblioteca Digital Hispánica
_z(v. 3)
856 _uhttp://bdh-rd.bne.es/viewer.vm?id=0000057276&page=1
_zBiblioteca Digital Hispánica
_z(v. 4)
856 _uhttp://bdh-rd.bne.es/viewer.vm?id=0000057253&page=1
_zBiblioteca Digital Hispánica
_z(v. 5)
856 _uhttp://bdh-rd.bne.es/viewer.vm?id=0000057309&page=1
_zBiblioteca Digital Hispánica
_z(v. 6)
999 _c159645
_d159645